| Tag |
First Indicator |
Second Indicator |
Subfields |
| LEADER |
00000cam a2200000 i 4500 |
| 001 |
in00004409727 |
| 005 |
20210123192334.0 |
| 006 |
m fo d |
| 007 |
cr bn nnnauuuu |
| 008 |
161220s1869 nyuc o 000 0beng d |
| 035 |
|
|
|a ccn00783172
|
| 040 |
|
|
|a NjRocCCS
|b eng
|e rda
|c NjRocCCS
|
| 043 |
|
|
|a n-us---
|
| 050 |
|
4 |
|a E444.T82
|b B73 1869
|
| 100 |
1 |
|
|a Bradford, Sarah H.
|q (Sarah Hopkins),
|d 1818-1912,
|e author.
|
| 245 |
1 |
0 |
|a Scenes in the life of Harriet Tubman /
|c by Sarah H. Bradford.
|
| 264 |
|
1 |
|a Auburn :
|b W.J. Moses, printer,
|c 1869.
|
| 264 |
|
2 |
|a [Getzville, New York] :
|b William S. Hein and Company,
|c [2016]
|
| 300 |
|
|
|a 1 online resource (132 pages) :
|b portrait.
|
| 336 |
|
|
|a text
|b txt
|2 rdacontent
|
| 337 |
|
|
|a computer
|b c
|2 rdamedia
|
| 338 |
|
|
|a online resource
|b cr
|2 rdacarrier
|
| 490 |
1 |
|
|a HeinOnline slavery in America and the world: history, culture & law
|
| 588 |
|
|
|a Description based on PDF title page, viewed December 20, 2016.
|
| 600 |
1 |
0 |
|a Tubman, Harriet,
|d 1822-1913.
|
| 655 |
|
7 |
|a Electronic books.
|2 local
|
| 776 |
0 |
8 |
|c Original
|w (DLC) 07031857
|
| 830 |
|
0 |
|a Slavery in America and the world: history, culture & law.
|
| 856 |
4 |
0 |
|u http://proxy.library.tamu.edu/login?url=https://www.heinonline.org/HOL/Page?handle=hein.slavery/sclihartub0001&id=1&size=2&collection=slavery&index=slavery
|z Connect to the full text of this electronic book
|t 0
|
| 949 |
|
|
|a E 444 .T82 B73 1869
|w LC
|c 1
|i 783172-1001
|d 11/26/2019
|l MAIN
|m HEN
|q 3
|r Y
|s Y
|t WEB
|u 12/20/2016
|x ENG
|z N-US
|
| 999 |
f |
f |
|s a748f217-0a46-31fc-a478-8be93edd0d86
|i b6b7fb03-f70d-32b0-b486-948709fdfdcd
|t 0
|
| 952 |
f |
f |
|a Texas A&M University
|b College Station
|c Electronic Resources
|d Available Online
|t 0
|e E444.T82 B73 1869
|h Library of Congress classification
|
| 998 |
f |
f |
|a E444.T82 B73 1869
|t 0
|l Available Online
|